000 00291nam a22001217a 4500
008 181101b xxu||||| |||| 00| 0 eng d
041 _aeng
080 _23rd
_a540
100 _a12
101 _aKIM
245 _aIntroduction to Semimicro Qualitative Analysis
_cSorum,C.H
942 _2udc
_cBK
999 _c51490
_d51490